000 00640nam a2200229Ia 4500
003 OSt
005 20220928102850.0
006 a|||||r|||| 00| 0
007 ta
008 220927b |||||||| |||| 00| 0 eng d
024 _a33925
037 _cReference Collections
040 _aSDCL
_cSDCL
_beng
041 _2eng
_aeng
082 _aV2y7M69, L1 RR
100 _aGandhi
_9400938
245 0 _aEpigrams from Gandhiji.
260 _aNew Delhi
_bMinistry of Infoamation and Broadcasting
_c1971
300 _a186p
_ccm.
942 _hV2y7M69, L1 RR
_cREF
_2CC
999 _c716815
_d716815